Ribera / (Registro nro. 44890)
[ vista simple ]
| 000 -CABECERA | |
|---|---|
| campo de control de longitud fija | 00629nam a2200205 a 4500 |
| 001 - NÚMERO DE CONTROL | |
| campo de control | 000045401 |
| 005 - FECHA Y HORA DE LA ÚLTIMA TRANSACCIÓN | |
| campo de control | 20201002050131.0 |
| 008 - DATOS DE LONGITUD FIJA--INFORMACIÓN GENERAL | |
| campo de control de longitud fija | 120119s1994 sp f 000 0 spa d |
| 020 ## - NÚMERO INTERNACIONAL ESTÁNDAR DEL LIBRO | |
| Número Internacional Estándar del Libro | 8420646504 |
| 040 ## - FUENTE DE LA CATALOGACIÓN | |
| Centro catalogador/agencia de origen | DO-SdBNP |
| Lengua de catalogación | spa |
| Centro/agencia transcriptor | BNPHU |
| 082 ## - NÚMERO DE LA CLASIFICACIÓN DECIMAL DEWEY | |
| Número de clasificación | xxxx |
| Número de documento/Ítem | P438r |
| 100 1# - ENTRADA PRINCIPAL--NOMBRE DE PERSONA | |
| Nombre de persona | Pérez Sánchez, Alfonso E. |
| Fechas asociadas al nombre | 1935-2010 |
| 9 (RLIN) | 73442 |
| 245 13 - MENCIÓN DE TÍTULO | |
| Título | Ribera / |
| Mención de responsabilidad, etc. | Alfonso E. Pérez Sánchez. |
| 260 ## - PUBLICACIÓN, DISTRIBUCIÓN, ETC. | |
| Lugar de publicación, distribución, etc. | Madrid : |
| Nombre del editor, distribuidor, etc. | Alianza Editorial, |
| -- | Grupo Anaya, |
| Fecha de publicación, distribución, etc. | 1994. |
| 300 ## - DESCRIPCIÓN FÍSICA | |
| Extensión | viii, 61 p. : |
| Otras características físicas | lam. ; |
| Dimensiones | 15 cm. |
| 490 1# - MENCIÓN DE SERIE | |
| Mención de serie | Alianza cien ; |
| Designación de volumen o secuencia | 50 ; |
| 500 ## - NOTA GENERAL | |
| Nota general | Libro de bolsillo |
| 590 ## - NOTA LOCAL (RLIN) | |
| Nota local | Inventariado, 2019/ YL |
| 830 #0 - PUNTO DE ACCESO ADICIONAL DE SERIE-TÍTULO UNIFORME | |
| Título uniforme | Alianza cien |
| Número de parte o sección de la obra | 50 |
| 9 (RLIN) | 73443 |
| Estado de retiro | Estado de pérdida | Restricciones de uso | No para préstamo | Código de colección | Localización permanente | Ubicación/localización actual | Ubicación en estantería | Fecha de adquisición | Número de inventario | Total de préstamos | Signatura topográfica completa | Código de barras | Fecha visto por última vez | Precio válido a partir de | Tipo de ítem Koha |
|---|---|---|---|---|---|---|---|---|---|---|---|---|---|---|---|
| Excluido de préstamo | Monografías: Libros y Folletos | General | General | En catalogación | 06.03.2015 | LF1 | xxxx P438r | 45401-10 | 25.06.2020 | 25.06.2020 | No se presta |
